000 00670nam0a22002411 4500
001 v19\rc\1262599
005 20250618002046.0
035 _a(NLR Aleph) 004416513
090 _a4078420
_c4078420
100 _a20060306d1893 |||y0rusy50 ca
101 0 _arus
102 _aRU
105 _ay z |||a|
200 1 _aНевесте
_e[Стихотворение
210 _aСанкт-Петербург]
_cтип. П.П. Сойкина
_dценз. 1893
215 _a1 с.
300 _aВ конце текста: Л.Б.
701 0 _aЛ.Б.
801 0 _aRU
_bNLR
_gpsbo
801 1 _aRU
_bProSoft-M
_2rusmarc
852 _aNLR
_j18.182.3.16
942 _cBOOK
980 _aNB